• 首页
  • 本馆介绍
  • 公告通知
  • 最新文献
  • 馆藏检索
  • 电子资源
  • 读者导购
  • 参考咨询
  • 我的图书馆
  • 登录
  • 详细信息显示
  • 放入我的书架
  • 预约/预借图书
  • 作者相关作品
  • 分类相关作品
  • 丛书相关作品
  • 出版社相关作品

书目信息

  • 表格格式
  • 工作单格式
  • 卡片格式
题名:
矿井火灾灾变通风理论及其应用
    
 
作者: 戚颖敏 编
分册:  
出版信息: 北京   煤炭工业出版社  1978
页数: 154页
开本: 19cm
丛书名:
单 册:
中图分类: TD72
科图分类:
主题词: 井下火灾-矿山通风--理论 , 矿山通风-井下火灾--理论 , 矿山通风 , 矿山空气
电子资源:
ISBN:
000 00726nam0 2200253 45
001 0178001298
005 20060508150427.25
010    @dCNY0.45
091    @a15035.2171
100    @a19950811d1978 em y0chiy0121 ea
101 0  @achi
102    @aCN@b110000
105    @ay z 000yy
200 10 @a矿井火灾灾变通风理论及其应用@Akuang jing huo zai zai bian tong feng li lun ji qi ying yong@f戚颖敏编@Fqi ying min bian
210    @a北京@c煤炭工业出版社@d1978
215    @a154页@d19cm
606    @a井下火灾-矿山通风@x理论
606    @a矿山通风-井下火灾@x理论
606 0  @a矿山通风
606 0  @a矿山空气
690    @aTD72@v4
701  0 @a戚颖敏@Aqi ying min@4编
801  0 @aCN@bTSSF@c20060508
905    @a10447@dTD72@e1
    
    矿井火灾灾变通风理论及其应用/戚颖敏编.-北京:煤炭工业出版社,1978
    154页;19cm
    
    
    ISBN :CNY0.45
    
●
相关链接 在E读中查询图书 在五车中查询图书 在当当中查询图书 在豆瓣中查询图书


正题名:矿井火灾灾变通风理论及其应用     索取号:TD72/1         预约/预借

序号 登录号 条形码 馆藏地/架位号 状态 备注
1 0002558   202333527   密集书库/ [索取号:TD72/1] 在馆    
唐山师范学院图书馆 欢迎您!
大连网信软件有限公司© 版权所有